AFRICA but not African Quiz Stats

Quiz Updated Jan 11, 2018

Challenge
Share
Tweet
Embed
Score 0/32 Timer 06:00
36 Plays Today
Country % Correct
France
93.7%
Australia
89.6%
India
89.6%
Canada
88.2%
Finland
87.1%
Iceland
86.4%
Indonesia
85.6%
Austria
85.3%
Ireland
85%
Argentina
84.8%
Russia
84.2%
China
82%
Iran
81.9%
Iraq
81.8%
Italy
80.6%
Azerbaijan
80.5%
Country % Correct
Andorra
79.8%
Albania
79.7%
Armenia
79.3%
Fiji
78.8%
Cambodia
78.6%
Romania
78.4%
Afghanistan
78.3%
Chile
78.2%
Colombia
77.7%
Czechia
73.9%
Israel
71.9%
Croatia
71.5%
Cuba
70.9%
Antigua and Barbuda
67.8%
Costa Rica
67.8%
Cyprus
64.5%

You're not logged in!

Compare scores with friends on all Sporcle quizzes.
Sign Up with Email
OR
Log In

You Might Also Like...

Show Comments

Extras

Top Quizzes Today


Score Distribution

Your Account Isn't Verified!

In order to create a playlist on Sporcle, you need to verify the email address you used during registration. Go to your Sporcle Settings to finish the process.

Report this User

Report this user for behavior that violates our Community Guidelines.

Details: